| 000 | 00564cam a22002051 4500 | ||
|---|---|---|---|
| 001 | 2171952 | ||
| 005 | 20180306064907.0 | ||
| 008 | 740605s1967 nyu b 000 0 eng | ||
| 010 | _a 67024781 | ||
| 040 |
_aDLC _cDLC _dDLC |
||
| 041 | _aeng | ||
| 080 | _a616.891 rob | ||
| 082 | 0 | 0 | _a616.891 rob |
| 100 | 1 | _a4 | |
| 101 | _ashk | ||
| 245 | 1 | 0 |
_aBeyond counseling and therapy _c[by] Robert R. Carkhuff [and] Bernard G. Berenson. |
| 504 | _aIncludes bibliographical references. | ||
| 906 |
_a7 _bcbc _corignew _du _eocip _f19 _gy-gencatlg |
||
| 942 |
_2ddc _cBK |
||
| 999 |
_c44164 _d44164 |
||